Les plus grands transferts de l'histoire du football - Statistiques

Statistiques générales
  • Ce quiz a été pris 143 fois
  • Le résultat moyen est 13 sur 15
Statistiques - réponses
Montant de transfert (M €) Saison Nationalité Venant de Allant à Joueur % Correct
222,00 2017-2018 Brésil Barcelone Paris SG Neymar
100%
117,00 2018-2019 Portugal Real Madrid Juventus Turin Cristiano Ronaldo
99%
180,00 2018-2019 France AS Monaco Paris SG Kylian Mbappé
99%
120,00 2019-2020 France Atlético Madrid Barcelone Antoine Griezmann
98%
135,00 2017-2018 France Borussia Dortmund Barcelone Ousmane Dembélé
95%
105,00 2016-2017 France Juventus Turin Manchester United Paul Pogba
94%
120,80 2019-2020 Belgique Chelsea Real Madrid Eden Hazard
93%
113,00 2021-2022 Belgique Inter Chelsea Romelu Lukaku
92%
135,00 2017-2018 Brésil Liverpool Barcelone Philippe Coutinho
90%
103,00 2023-2024 Angleterre Borussia Dortmund Real Madrid Jude Bellingham
88%
117,50 2021-2022 Angleterre Aston Villa Manchester City Jack Grealish
87%
127,20 2019-2020 Portugal Benfica Atlético Madrid João Félix
85%
121,00 2022-2023 Argentine Benfica Chelsea Enzo Fernández
78%
116,60 2023-2024 Angleterre West Ham United Arsenal Declan Rice
77%
116,00 2023-2024 Équateur Brighton Chelsea Moisés Caicedo
64%
Aucun quiz correspondant
Distribution des résultats
% des personnes avec chaque résultat
Percentile par nombre de réponses
Votre historique - résultats
Vous n’avez pas pris ce quiz